Managing physical education, fitness and sports programs/ (Record no. 14867)

000 -LEADER
fixed length control field 00761nam a22002177a 4500
008 - FIXED-LENGTH DATA ELEMENTS--GENERAL INFORMATION
fixed length control field 161010b xxu||||| |||| 00| 0 eng d
020 ## - INTERNATIONAL STANDARD BOOK NUMBER
International Standard Book Number 9781559341738
020 ## - INTERNATIONAL STANDARD BOOK NUMBER
International Standard Book Number 1559341734
050 ## - LIBRARY OF CONGRESS CALL NUMBER
Classification number GV 343.5 .R35 1993
100 ## - MAIN ENTRY--PERSONAL NAME
Personal name Railey,Jim H.
245 ## - TITLE STATEMENT
Title Managing physical education, fitness and sports programs/
Statement of responsibility, etc. Jim H. Railey and Peggy Railey Tschauner
250 ## - EDITION STATEMENT
Edition statement 2nd ed.
260 ## - PUBLICATION, DISTRIBUTION, ETC. (IMPRINT)
Place of publication, distribution, etc. London :
Name of publisher, distributor, etc. Mayfield Publishing Company,
Date of publication, distribution, etc. c1993
300 ## - PHYSICAL DESCRIPTION
Extent x, 340p. :
Other physical details ill. ;
500 ## - GENERAL NOTE
General note Includes index.
650 ## - SUBJECT ADDED ENTRY--TOPICAL TERM
Topical term or geographic name as entry element Physical education and training
General subdivision Admistration
650 ## - SUBJECT ADDED ENTRY--TOPICAL TERM
Topical term or geographic name as entry element Recreation leadership
650 ## - SUBJECT ADDED ENTRY--TOPICAL TERM
Topical term or geographic name as entry element Sports
General subdivision Organisation and admistration
700 ## - ADDED ENTRY--PERSONAL NAME
Personal name Tschauner, Peggy Railey
942 ## - ADDED ENTRY ELEMENTS (KOHA)
Source of classification or shelving scheme
Koha item type Hard Covered Materials
Classification part GV 343.5 .R35 1993
Holdings
Withdrawn status Lost status Source of classification or shelving scheme Damaged status Not for loan Home library Current library Shelving location Date acquired Source of acquisition Total Checkouts Full call number Barcode Date last seen Price effective from Koha item type
          MACHAKOS UNIVERSITY LIBRARY MACHAKOS UNIVERSITY LIBRARY Open shelf 10/10/2016 Donation(BFA)   GV 343.5 .R35 1993 22524 10/10/2016 10/10/2016 Hard Covered Materials
© Machakos University Library, Along The Highway, Machakos Wote Rd, Machakos, Kenya P.O. Box 136 - 90100 Machakos - Kenya

Tel: ( +254 ) 723 805829 OR Fax : 044-20353 OR Email: library@mksu.ac.ke